| 000 | 01088nam a2200253Ia 4500 | ||
|---|---|---|---|
| 999 |
_c52629 _d52629 |
||
| 001 | 19653 | ||
| 003 | GE_BSU | ||
| 005 | 20200313171225.0 | ||
| 008 | 181216s1965||||ge |||||||||||||| ||geo|| | ||
| 040 | _cGE_BSU | ||
| 041 | _ageo | ||
| 080 | _a821.353.1(072) დ-74 | ||
| 100 |
_aდონაძე, კ. _97718 |
||
| 245 |
_aწერითი მუშაობის სახეები ქართულ ლიტერატურაში : _b[სწავლების მეთოდიკა] / _cკ. დონაძე ; რედ. ე. გელაშვილი. |
||
| 250 | _aმე-2 შევს. გამოც | ||
| 264 |
_aთბილისი : _bგანათლება, _c1965. |
||
| 300 |
_a66 გვ. ; _c 21 სმ. |
||
| 541 | _h20თ. | ||
| 653 | _aქართული ლიტერატურა | ||
| 653 | _aწერითი სამუშაოები | ||
| 653 | _aკარნახი ქართულ ენაში | ||
| 700 |
_aგელაშვილი, ე. _eრედაქტორი _97719 |
||
| 942 |
_cBK _2udc |
||